MARC details
| 000 -CABECERA |
| campo de control de longitud fija |
00821cam a2200229 a 4500 |
| 001 - NÚMERO DE CONTROL |
| campo de control |
000006143 |
| 005 - FECHA Y HORA DE LA ÚLTIMA TRANSACCIÓN |
| campo de control |
20200929151941.0 |
| 008 - DATOS DE LONGITUD FIJA--INFORMACIÓN GENERAL |
| campo de control de longitud fija |
970707s1996 es 001 p spa d |
| 040 ## - FUENTE DE LA CATALOGACIÓN |
| Centro catalogador/agencia de origen |
DO-SdBNP |
| Centro/agencia transcriptor |
DLC |
| Centro/agencia modificador |
DLC |
| 082 ## - NÚMERO DE LA CLASIFICACIÓN DECIMAL DEWEY |
| Número de clasificación |
ES861.44 |
| Número de documento/Ítem |
D152v |
| 049 ## - FONDOS LOCALES (OCLC) |
| Fondos de biblioteca |
BNGR |
| 100 1# - ENTRADA PRINCIPAL--NOMBRE DE PERSONA |
| Nombre de persona |
Dalton, Roque, |
| Fechas asociadas al nombre |
1935-1975 |
| 9 (RLIN) |
9961 |
| 245 13 - MENCIÓN DE TÍTULO |
| Título |
La ventana en el rostro / |
| Mención de responsabilidad, etc. |
Roque Dalton. |
| 260 ## - PUBLICACIÓN, DISTRIBUCIÓN, ETC. |
| Lugar de publicación, distribución, etc. |
San Salvador, El Salvador : |
| Nombre del editor, distribuidor, etc. |
Consejo Nacional para la Cultura y el Arte, |
| Fecha de publicación, distribución, etc. |
1996. |
| Lugar de fabricación/manufactura |
San José, Costa Rica : |
| Fabricante |
Litografía e Imprenta LIL, |
| 300 ## - DESCRIPCIÓN FÍSICA |
| Extensión |
126 p. ; |
| Dimensiones |
22 cm. |
| 490 1# - MENCIÓN DE SERIE |
| Mención de serie |
Biblioteca básica de literatura salvadoreña |
| Designación de volumen o secuencia |
10 |
| 650 #4 - PUNTO DE ACCESO ADICIONAL DE MATERIA--TÉRMINO DE MATERIA |
| Término de materia o nombre geográfico como elemento de entrada |
Poesía salvadoreña |
| 9 (RLIN) |
12306 |
| 650 #4 - PUNTO DE ACCESO ADICIONAL DE MATERIA--TÉRMINO DE MATERIA |
| Término de materia o nombre geográfico como elemento de entrada |
Literatura salvadoreña |
| 9 (RLIN) |
2929 |
| 830 #0 - PUNTO DE ACCESO ADICIONAL DE SERIE-TÍTULO UNIFORME |
| Título uniforme |
Biblioteca básica de literatura salvadoreña ; |
| Designación de volumen o secuencia |
10 |
| 9 (RLIN) |
8991 |
| 910 ## - DATOS DE OPCIÓN DEL USUARIO (OCLC) |
| Datos de opción del usuario |
Catalogación derivada |
| 910 ## - DATOS DE OPCIÓN DEL USUARIO (OCLC) |
| Datos de opción del usuario |
WM |